000 00764nam a2200265Ia 4500
001 11037
003 GE_BSU
008 181216s||||||||xx |||||||||||||| ||und||
020 _a9785358057463
040 _cGE_BSU
080 _a579(075.8)
100 _aЕмцев,В.Т. Мишустин,Е.Н.
245 _aМикробиология.
245 _bУчебник для вузов.
245 _cРед:Н.Л.Красинская, Н.Н.Коломилова.
250 _a7-е изд.стереотип.
260 _aМосква
260 _bДрофа
260 _c2008.
300 _a444стр,илл,21см.
541 _h36л.
653 _aМикробиология.
653 _aმიკრობიოლოგია
942 _cBK
999 _c44279
_d44279